00377 a2200145 4500001000700000020001500007041000800022250001700030300001200047856002400059040002500083100002800108245005400136260004100190112670 a1557091390 apor aFacisim. ed. a[32] p. u000021/000021ff.jpg aBR-BrIDEAcBR-BrIDEA aMay, Robert Lewisd190510aRudolph the red-nosed reindeerc Robert Lewis May a[S.l.]bApplewood/Globe Pequotc1967